Szczegóły MARC21

Senat Rzeczypospolitej Polskiej : tradycja i współczesność XV-XXI w. /

003 -Nazwa inst., której nr kontr. jest w polu 001 [,]
    • @
    • Nazwa instytucji, której n kontrolny jest w polu 001
    • NUKAT
005 -DATA I CZAS OSTATNIEJ MODYFIKACJI [,]
    • @
    • pole kontrolne
    • 20241231100430.0
020 -Międzynarod. znormalizowany nr książki - ISBN [ , ]
    • a
    • Numer ISBN
    • 8386065230 Find
040 -Instytucja sporządzająca opis [ , ]
    • a
    • Instytucja, która sporządziła opis (NP)
    • KR PAU/MS
    • c
    • Instytucja, która sporządziła rekord (NP)
    • KR PAU/MS
    • d
    • Instytucja, która zmodyfikowała rekord (P)
    • KR PAU/LP
    • d
    • Instytucja, która zmodyfikowała rekord (P)
    • KR U/MWs
    • d
    • Instytucja, która zmodyfikowała rekord (P)
    • WR O/JG
    • d
    • Instytucja, która zmodyfikowała rekord (P)
    • KR U/maj
942 -Rodzaj dokumentu [ , ]
    • c
    • Rodzaj dokumentu
    • Książka
100 -Hasło główne - nazwa osobowa [1, ]
    • a
    • Nazwa osobowa (NP)
    • Pietrzak, Jerzy
    • d
    • Daty biograficzne (NP)
    • (1942- ).
    • 9
    • KHW
    • 44946
240 -Tytuł ujednolicony [1,0]
    • a
    • Tytuł ujednolicony
    • Senat Rzeczypospolitej Polskiej, tradycja i współczesność XV-XXI w.
    • l
    • Język tekstu
    • (pol.)
    • 9
    • KHW
    • 44948
245 -Strefa tytułu i oznaczenia odpowiedzialności [1,0]
    • a
    • Tytuł
    • Senat Rzeczypospolitej Polskiej : Find
    • b
    • Ciąg dalszy tytułu (NP)
    • tradycja i współczesność XV-XXI w. / Find
    • c
    • Pozostałe elementy strefy tytułu i oznaczenia odpowiedzialności (NP)
    • Jerzy Pietrzak.
260 -Strefa adresu wydawniczego [ , ]
    • a
    • Miejsce wydania (P)
    • Warszawa :
    • b
    • Nazwa wydawcy (P)
    • Kancelaria Senatu RP,
    • c
    • Data wydania (P)
    • 2002.
300 -Strefa opisu fizycznego [ , ]
    • a
    • Określenie formy książki i/lub objętość (NP)
    • 311 s. :
    • b
    • Oznaczenie ilustracji (NP)
    • il. ;
    • c
    • Format (NP)
    • 34 cm.
336 -Typ zawartości [ , ]
    • a
    • Termin opisujący typ zawartości
    • Tekst
    • b
    • Kod określający zawartość
    • txt
    • 2
    • Źródło (terminu i kodu)
    • rdacontent
337 -Typ mediów [ , ]
    • a
    • Tryb odtwarzania
    • Bez urządzenia pośredniczącego
    • b
    • Kod typu mediów
    • n
    • 2
    • Źródło (terminu i kodu)
    • rdamedia
338 -Typ/rodzaj nośnika [ , ]
    • a
    • Hasło opisujące typ nośnika
    • Wolumin
    • b
    • Kod typu nośnika
    • nc
    • 2
    • Źródło (terminu i kodu)
    • rdacarrier
504 -Uwaga dot. bibliogr. załącznikowej [ , ]
    • a
    • Uwaga dot. bibliografii załącznikowej
    • Bibliogr. s. 295-296.
650 -Hasło przedmiotowe [ ,7]
    • a
    • Hasło przedmiotowe
    • Izby wyższe parlamentów
    • z
    • Określnik geograficzny
    • Polska
    • x
    • Określnik rzeczowy
    • historia.
    • 2
    • Źródło terminu
    • kaba
    • 9
    • KHW
    • 367695
650 -Hasło przedmiotowe [ ,7]
    • a
    • Hasło przedmiotowe
    • Izby wyższe parlamentów
    • z
    • Określnik geograficzny
    • Polska
    • x
    • Określnik rzeczowy
    • historia
    • v
    • Określnik formalny
    • wydawnictwa ilustrowane.
    • 2
    • Źródło terminu
    • kaba
    • 9
    • KHW
    • 367696
920 -ISBN [ , ]
    • a
    • ISBN
    • 83-86065-23-0 Find
Lokalizacja Data inwentaryzacji Numer inwentarzowy Status udost.
T2017-01-02T.19331-2